A split tesztek használata a modern vállalkozások marketing tevékenységében

Bibliográfiai részletek
Szerző: Birinyi Balázs
További közreműködők: Németh Dr. Szilárd
Dokumentumtípus: Diplomadolgozat
Kulcsszavak:Marketing
Online
A/B tesztelés
Online Access:http://dolgozattar.uni-bge.hu/14511

MARC

LEADER 00000nta a2200000 i 4500
001 dolg14511
005 20171218105418.0
008 171218suuuu hu om 000 hun d
040 |a BGE Dolgozattár Repozitórium  |b hun 
041 |a hu 
100 1 |a Birinyi Balázs 
245 1 2 |a A split tesztek használata a modern vállalkozások marketing tevékenységében  |c Birinyi Balázs  |h [elektronikus dokumentum] 
695 |a  Marketing  
695 |a Online  
695 |a A/B tesztelés 
700 1 |a Németh Dr. Szilárd  |e ths 
856 4 0 |u http://dolgozattar.uni-bge.hu/14511/1/A%20split%20tesztek%20haszn%C3%A1lata%20a%20modern%20v%C3%A1llalkoz%C3%A1sok%20marketing%20tev%C3%A9kenys%C3%A9g%C3%A9ben.pdf  |z Dokumentum-elérés